Higher education in Europe quarterly review of the European centre for higher education
Gespeichert in:
| Format: | Schriftenreihe |
|---|---|
| Sprache: | Englisch |
| Veröffentlicht: |
Bucharest
UNESCO
1987
|
| Tags: |
Keine Tags, Fügen Sie das erste Tag hinzu!
|
MARC
| LEADER | 00000nas2a2200000 4500 | ||
|---|---|---|---|
| 001 | s030829 | ||
| 005 | 20250730114141.1 | ||
| 041 | 0 | |a eng | |
| 044 | |a RO | ||
| 245 | 1 | 0 | |a Higher education in Europe |b quarterly review of the European centre for higher education |
| 264 | 1 | |a Bucharest |b UNESCO |c 1987 | |
| 300 | |a 1 zv. | ||